000 00501nmm a2200169Ia 4500
008 251105s9999||||xx |||||||||||||||||und||
020 _a9789588869506
041 _aspa
100 _aPeña Navarro, Dilia Carolina (comp.)
245 0 _aEnfoque de género en Medellín
264 _a[Bogotá, Colombia] :
_bEdiciones Unaula,
_c2016
300 _a192 páginas
490 _aContexto
650 _aGender and Women Studies
856 _uhttps://public.digitaliapublishing.com/a/49640
942 _cCF
999 _c96665
_d96665